书目信息 |
| 题名: |
妇女研究在上海
|
|
| 作者: | ;上海市妇女联合会 , 上海市妇女学学会 , 上海市婚姻家庭研究会 编 | |
| 分册: | ||
| 出版信息: | 上海 上海远东出版社 2018 |
|
| 页数: | 499页 | |
| 开本: | 21cm | |
| 丛书名: | ||
| 单 册: | ||
| 中图分类: | D442.8 , D442.851-53 | |
| 科图分类: | ||
| 主题词: | 妇女工作--Fu Nv Gong Zuo--研究--上海--2013-2017--文集 | |
| 电子资源: | ||
| ISBN: | 978-7-5476-1351-1 | |
| 000 | 01301nam0 2200301 450 | |
| 001 | 012001008531 | |
| 005 | 20131023094349.0 | |
| 010 | @a978-7-5476-1351-1@dCNY68.00 | |
| 099 | @aCAL 012018077237 | |
| 100 | @a20180608d2018 em y0chiy50 ea | |
| 101 | 0 | @achi |
| 102 | @aCN@b310000 | |
| 105 | @ay z 000yy | |
| 106 | @ar | |
| 200 | 1 | @a妇女研究在上海@AFu Nv Yan Jiu Zai Shang Hai@e2013-2017@d= Women studies in Shanghai@f上海市妇女联合会, 上海市妇女学学会, 上海市婚姻家庭研究会编@zeng |
| 210 | @a上海@c上海远东出版社@d2018 | |
| 215 | @a499页@d21cm | |
| 314 | @a主编:徐枫 | |
| 330 | @a《妇女研究在上海(2013—2017)》,全面回顾2013年第十四次妇女代表大会以来的上海妇女儿童理论研究工作的开展情况,将收录2013—2017年之间,由本市各级妇女组织、各妇女儿童研究中心、专家学者等完成的与妇女、儿童和家庭研究领域相关的优秀调研成果。 | |
| 510 | 1 | @aWomen studies in Shanghai@zeng |
| 606 | 0 | @a妇女工作@AFu Nv Gong Zuo@x研究@x上海@x2013-2017@j文集 |
| 690 | @aD442.8@v5 | |
| 690 | @aD442.851-53@v5 | |
| 711 | 02 | @a上海市妇女联合会@AShang Hai Shi Fu Nv Lian He Hui@4编 |
| 711 | 02 | @a上海市妇女学学会@AShang Hai Shi Fu Nv Xue Xue Hui@4编 |
| 711 | 02 | @a上海市婚姻家庭研究会@AShang Hai Shi Hun Yin Jia Ting Yan Jiu Hui@4编 |
| 801 | 2 | @aCN@b上海新华@c20191020 |
| 905 | @b1181047-50@dD442.8@e39@f4 | |
| 妇女研究在上海:2013-2017= Women studies in Shanghai/上海市妇女联合会, 上海市妇女学学会, 上海市婚姻家庭研究会编.-上海:上海远东出版社,2018 |
| 499页;21cm |
| ISBN 978-7-5476-1351-1:CNY68.00 |
| 《妇女研究在上海(2013—2017)》,全面回顾2013年第十四次妇女代表大会以来的上海妇女儿童理论研究工作的开展情况,将收录2013—2017年之间,由本市各级妇女组织、各妇女儿童研究中心、专家学者等完成的与妇女、儿童和家庭研究领域相关的优秀调研成果。 |
| ● |
| 相关链接 |
|
|
|
|
正题名:妇女研究在上海
索取号:D442.8/39
 
预约/预借
| 序号 | 登录号 | 条形码 | 馆藏地/架位号 | 状态 | 备注 |
| 1 | 1181047 | 211810478 | 第一样本阅览室/ [索取号:D442.8/39] | 在馆 | |
| 2 | 1181048 | 211810487 | 第一借阅区/ [索取号:D442.8/39] | 在馆 | |
| 3 | 1181049 | 211810496 | 第一借阅区/ [索取号:D442.8/39] | 在馆 | |
| 4 | 1181050 | 211810502 | 第一借阅区/ [索取号:D442.8/39] | 在馆 |